00363nam a2200133 450000500170000010000280001724500450004526400340009030000180012433600220014233700240016433800240018899900170021220260530115312.01 aAnton Stankowski93296610aVisual presentation of Invisible Process 1bVerlag Arthur Niggli AGc1968 a130 páginas atexto2rdacontent asin medio2rdamedia avolumen2rdacarrier c13405d13405